Statistiques concernant Générique Sailor Moon - Paroles

Cliquez ici pour prendre le quiz!

Statistiques générales

  • Ce quiz a été pris 19 fois
  • Le résultat moyen est 20 sur 22

Statistiques - réponses

Paroles% Correct
{Sailor} Moon
100%
{Sailor} Moon
100%
{Sailor} Moon
100%
Sailor {Moon}
100%
Sailor {Moon}
100%
{Sailor} Moon
100%
Sailor {Moon}
100%
Sailor {Moon}
100%
Une fille pas comme {les} {autres}
100%
Contre les méchants de {l}'{Univers}
94%
{Sailor} Moon
94%
Sailor {Moon}
94%
{Sailor} Moon
94%
Sailor {Moon}
94%
Rien ne pourra jamais {l}'{arrêter}
88%
De tous {les} {dangers} elle se moque
82%
T'emporteront vers {la} {victoire} !
82%
Vers {l}'{aventure} elle nous emporte
76%
Elle doit défendre {notre} {Terre}
71%
Et avec {ses} {amies} elle conduit
71%
Ton courage ta force et {ta} {gloire}
71%
Le grand combat de {notre} {époque}
65%

Distribution des résultats

Percentile par nombre de réponses

% des personnes avec chaque résultat

Votre développement - résultats

Vous n’avez pas pris ce quiz